| 000 | 00661nmm a2200217Ia 4500 | ||
|---|---|---|---|
| 008 | 251105s9999||||xx |||||||||||||||||und|| | ||
| 020 | _a9788416935079 | ||
| 041 | _aspa | ||
| 100 | _aAristóteles | ||
| 245 | 0 | _aCompendio de la Ética nicomaquea | |
| 264 |
_a[Madrid, España] : _bPrensas Universitarias de Zaragoza, _c2017 |
||
| 300 | _a251 páginas | ||
| 490 | _aLarumbe. Textos aragoneses | ||
| 650 | _aPhilosophy, Ethics | ||
| 700 | _aAristóteles | ||
| 700 | 1 | _a Cuenca Almenar, Salvador | |
| 700 | 1 | _a Cuenca Almenar, Salvador | |
| 700 | 1 | _a Cuenca Almenar, Salvador | |
| 856 | _uhttps://public.digitaliapublishing.com/a/55562 | ||
| 942 | _cCF | ||
| 999 |
_c62115 _d62115 |
||